Bonsai kiểng cổ chậu xưa : Kỷ niệm Sài Gòn Tp. Hồ Chí Minh 300 năm

محفوظ في:
التفاصيل البيبلوغرافية
المؤلف الرئيسي: Huỳnh, Văn Thới
التنسيق: كتاب
اللغة:Undetermined
منشور في: Thành phố Hồ Chí Minh Trẻ 2004
الموضوعات:
الوسوم: إضافة وسم
لا توجد وسوم, كن أول من يضع وسما على هذه التسجيلة!
Thư viện lưu trữ: Trung tâm Học liệu Trường Đại học Cần Thơ
LEADER 00612nam a2200205Ia 4500
001 CTU_98079
008 210402s9999 xx 000 0 und d
020 |c 25000 
082 |a 635.9 
082 |b Th462 
100 |a Huỳnh, Văn Thới 
245 0 |a Bonsai kiểng cổ chậu xưa : 
245 0 |b Kỷ niệm Sài Gòn Tp. Hồ Chí Minh 300 năm 
245 0 |c Huỳnh Văn Thới 
260 |a Thành phố Hồ Chí Minh 
260 |b Trẻ 
260 |c 2004 
650 |a Bonsai,Gardening 
904 |i Tuyến 
980 |a Trung tâm Học liệu Trường Đại học Cần Thơ